000
00308nam a22001337a 4500
008
170511b xxu||||| |||| 00| 0 eng d
020
_a
9780314145345
041
_a
eng
080
_2
7TH
_a
343.9
100
_a
15
101
_a
SHJ
245
_a
AMERICAN CRIMINAL PROCEDURE
_c
SALTZBURG, S.A
942
_2
udc
_c
BK
999
_c
13178
_d
13178